[Event "Werther Schloss op-C 13rd"]
[Site "Werther"]
[Date "2007.04.01"]
[Round "4"]
[White "Spisla, Dominik"]
[Black "Popiolek, Michael"]
[Result "1/2-1/2"]
[WhiteElo "1565"]
[BlackElo "1797"]
[PlyCount "99"]
[EventDate "2007.03.31"]
[EventType "swiss"]
[EventRounds "5"]
[EventCountry "GER"]
[SourceTitle "EXT 2008"]
[Source "ChessBase"]
[SourceDate "2007.11.25"]
[SourceVersion "1"]
[SourceVersionDate "2007.11.25"]
[SourceQuality "1"]

1. e4 c6 2. d4 d5 3. exd5 cxd5 4. Nf3 Nf6 5. Be2 e6 6. Bg5 Be7 7. c3 Qb6 8. Qc2 Bd7 9. Nbd2 Nc6 10. 0-0 Rc8 11. Qb3 Qxb3 12. Nxb3 b6 13. Ba6 Rd8 14. Bf4 Bc8 15. Bxc8 Rxc8 16. Rac1 0-0 17. Rfe1 Ne4 18. Nfd2 Nxd2 19. Nxd2 Na5 20. h3 Rfd8 21. Kh1 Bd6 22. Bxd6 Rxd6 23. Rc2 Rdc6 24. Nb3 Nb7 25. Nd2 Nd6 26. Kh2 R6c7 27. Rcc1 Nc4 28. Nxc4 Rxc4 29. Kg3 b5 30. a3 a5 31. Re3 b4 32. axb4 axb4 33. Rd3 Kf8 34. Kf3 bxc3 35. Rdxc3 Rxc3+ 36. Rxc3 Rxc3+ 37. bxc3 Ke7 38. Ke3 Kd6 39. Kd3 f6 40. f4 g6 41. g3 f5 42. h4 Kc7 43. Kc2 Kc6 44. Kb2 Kb6 45. Ka2 Ka5 46. Ka3 Kb5 47. Kb3 h6 48. Kb2 Kc4 49. Kc2 h5 50. Kd2 1/2-1/2